| 000 | 01411cam a2200409 a 4500 | ||
|---|---|---|---|
| 001 | 2439363 | ||
| 003 | LC | ||
| 005 | 20160314141405.0 | ||
| 008 | 880808t19881981maua 000 1 eng | ||
| 010 | _a 88047881 | ||
| 020 | _a0807083178 | ||
| 020 | _a9780807083178 | ||
| 040 |
_aDLC _cDLC _dDLC |
||
| 043 |
_an-us-id _aa-cc--- |
||
| 050 | 0 | 0 |
_aPS 3563 .C353 _b.M478 1988 |
| 082 | 0 | 0 |
_aFIC _bM13t 1981 |
| 100 | 1 |
_aMcCunn, Ruthanne Lum. _920069 |
|
| 245 | 1 | 0 |
_aThousand pieces of gold : _ba biographical novel / _cRuthanne Lum McCunn. |
| 260 |
_aBoston : _bBeacon Press, _cc1988. |
||
| 300 |
_a308 p. : _bill, ; _c20 cm. |
||
| 440 | 0 |
_aAsian voices _920070 |
|
| 490 | 0 |
_aBeacon paperback ; _v812 |
|
| 562 | _e1 | ||
| 650 |
_a1. Bemis, Polly, 1853-1933 _xFiction. _920071 |
||
| 650 |
_aChinese Americans _xHistory _xFiction. _920072 |
||
| 650 |
_a1000 pieces of gold. _920073 |
||
| 651 | 0 |
_aIdaho _vFiction. _920074 |
|
| 651 | 0 |
_aChina _vFiction. _920075 |
|
| 655 | 7 |
_aBiographical fiction. _2gsafd _912822 |
|
| 655 | 7 |
_aHistorical fiction. _2gsafd _92926 |
|
| 740 | 0 | _a1000 pieces of gold. | |
| 856 | 4 | 2 |
_3Publisher description _uhttp://www.loc.gov/catdir/description/hm031/88047881.html |
| 856 | 4 | 2 |
_3Contributor biographical information _uhttp://www.loc.gov/catdir/enhancements/fy0737/88047881-b.html |
| 906 |
_a7 _bcbc _corignew _d1 _eocip _f19 _gy-gencatlg |
||
| 942 |
_2lcc _cBK |
||
| 999 |
_c11382 _d11382 |
||